| 000 | 00606pam a2200217 a 4500 | ||
|---|---|---|---|
| 999 |
_c2332 _d2332 |
||
| 001 | 7305 | ||
| 003 | BD-DhUAP | ||
| 005 | 20200223130606.0 | ||
| 008 | 200223s1990 enkaf b 001 0 eng | ||
| 020 | _a4766113519 | ||
| 040 |
_aDLC _cDLC _dBD-DhUAP _bEng |
||
| 082 | 0 | 0 |
_a712.0952 ELE _223 |
| 245 | 1 | 0 | _aElements & total concept of urban pavement design. |
| 260 |
_aLondon : _bGraphic-Sha, _cc1990. |
||
| 300 |
_a239 pages : _billustrations ; _c31 cm. |
||
| 650 | 0 |
_aPavements _zJapan. |
|
| 650 | 0 |
_aCity planning _zJapan. |
|
| 650 | 0 |
_a Design urbain _zJapon. |
|
| 710 | _aGraphic-Sha. | ||
| 942 |
_2ddc _cBK |
||